[Event "Bremen-ch op"]
[Site "Bremen"]
[Date "2015.03.31"]
[Round "5"]
[White "Norbach, Alexander"]
[Black "Zimmermann, Erik"]
[Result "1-0"]
[WhiteElo "1928"]
[BlackElo "1655"]
[PlyCount "49"]
[EventDate "2015.03.28"]
[EventType "swiss"]
[EventRounds "9"]
[EventCountry "GER"]
[SourceTitle "EXT 2018"]
[Source "ChessBase"]
[SourceDate "2017.10.13"]
[SourceVersion "1"]
[SourceVersionDate "2017.10.13"]
[SourceQuality "1"]

1. d4 b6 2. e4 Bb7 3. Bd3 e6 4. c4 d6 5. Nf3 Nd7 6. 0-0 Be7 7. Re1 e5 8. Nc3 Ngf6 9. h3 0-0 10. d5 Nh5 11. Bf1 f5 12. exf5 Rxf5 13. g4 Rxf3 14. Qxf3 Nhf6 15. Bd3 Nf8 16. Bd2 Kh8 17. g5 Ng8 18. Qg3 Bc8 19. f4 exf4 20. Bxf4 Qd7 21. Re3 c6 22. Rae1 cxd5 23. Nxd5 Bd8 24. Bxd6 Bb7 25. Bxf8 1-0

[Event "Bremen-ch op"]
[Site "Bremen"]
[Date "2015.03.29"]
[Round "3"]
[White "Stern, Philipp"]
[Black "Zimmermann, Erik"]
[Result "1/2-1/2"]
[WhiteElo "1620"]
[BlackElo "1655"]
[PlyCount "41"]
[EventDate "2015.03.28"]
[EventType "swiss"]
[EventRounds "9"]
[EventCountry "GER"]
[SourceTitle "EXT 2018"]
[Source "ChessBase"]
[SourceDate "2017.10.13"]
[SourceVersion "1"]
[SourceVersionDate "2017.10.13"]
[SourceQuality "1"]

1. e4 b6 2. d4 Bb7 3. Bd3 e6 4. c4 d6 5. Nc3 Nd7 6. Nf3 Be7 7. 0-0 Ngf6 8. Qc2 e5 9. b4 Nh5 10. Nd5 0-0 11. Bb2 c6 12. Nxe7+ Qxe7 13. d5 Nf4 14. Nd2 Qg5 15. g3 Nxd3 16. Qxd3 f5 17. dxc6 Bxc6 18. Qxd6 Rf6 19. Qd3 Rh6 20. b5 Nc5 21. Qe2 1/2-1/2

[Event "Bremen-ch op"]
[Site "Bremen"]
[Date "2014.04.15"]
[Round "3"]
[White "Zimmermann, Erik"]
[Black "Zhong, Xianghui"]
[Result "1/2-1/2"]
[WhiteElo "1305"]
[BlackElo "1766"]
[PlyCount "87"]
[EventDate "2014.04.14"]
[EventType "swiss"]
[EventRounds "9"]
[EventCountry "GER"]
[SourceTitle "EXT 2018"]
[Source "ChessBase"]
[SourceDate "2017.10.13"]
[SourceVersion "1"]
[SourceVersionDate "2017.10.13"]
[SourceQuality "1"]

1. e4 c5 2. Nc3 d6 3. Nf3 Nc6 4. d4 cxd4 5. Nxd4 g6 6. Bb5 Bd7 7. Bxc6 bxc6 8. 0-0 Bg7 9. b3 c5 10. Nde2 Bb5 11. Bb2 Qa5 12. Rb1 Bc6 13. Nd5 Bxb2 14. Rxb2 e6 15. b4 Qd8 16. Ndc3 cxb4 17. Rxb4 Nf6 18. Ng3 0-0 19. Re1 d5 20. exd5 Nxd5 21. Nxd5 Qxd5 22. Qxd5 Bxd5 23. c4 Bc6 24. Rc1 Rab8 25. Rb3 Rb7 26. Rxb7 Bxb7 27. f3 Rd8 28. Rc3 Kf8 29. a3 Ke7 30. Kf2 Rd2+ 31. Ne2 Kd6 32. Ke3 Ra2 33. c5+ Kd5 34. g3 e5 35. h4 f5 36. Rb3 Kc6 37. f4 Ba6 38. Nc3 exf4+ 39. Kxf4 Ra1 40. h5 Bc4 41. Rb4 Kxc5 42. Na4+ Kd5 43. Nc3+ Kc5 44. Na4+ 1/2-1/2